|
|
|
|
| LEADER |
00000nam a22000007a 4500 |
| 005 |
20190814133051.0 |
| 007 |
cr|||| |||| |
| 008 |
190814s2004 pe |||||s|||| 00||0 spa d |
| 020 |
|
|
|a 9972-733-67-X
|
| 035 |
|
|
|a 24051
|
| 040 |
|
|
|a vLex
|
| 090 |
|
|
|c 9187
|d 9187
|
| 100 |
1 |
|
|a Espinosa-Saldaą Barrera, Eloy
|
| 245 |
1 |
0 |
|a Cd̤igo procesal constitucional, proceso contencioso administrativo y derechos del administrado
|h [Recurso electrn̤ico] /
|c Eloy Espinosa-Saldaą Barrera
|
| 256 |
|
|
|a Servicio en ln̕ea
|
| 260 |
|
|
|a Lima:
|b Palestra Editores,
|c 2004
|
| 300 |
|
|
|a 1 recurso electrn̤ico
|
| 506 |
1 |
|
|a Disponible solo en los productos indicados
|d vLex Global
|d vLex Global (Academic Edition, excluding Law Schools)
|d vLex Global (U.S. Academic Edition, Law Schools)
|d vLex Global (U.S. Academic Edition, excluding Law Schools)
|d vLex Global (Academic Edition, Law Schools)
|
| 650 |
0 |
4 |
|a Derecho Procesal
|z Per︢
|
| 740 |
0 |
|
|a vLex Libros (Servicio en ln̕ea)
|
| 856 |
4 |
0 |
|u http://vlex.com/source/codigo-procesal-constitucional-proceso-contencioso-administrativo-derechos-administrado-24051
|z Acceso restringido
|
| 942 |
|
|
|c BOOK
|
| 999 |
0 |
|
|a Procedural law
|